A kötelező gépjármű-felelősségbiztosítás rendszere Magyarországon

Elmentve itt :
Bibliográfiai részletek
Szerző: Erős Zsófia
További közreműködők: Schneider Klára (Témavezető)
Dokumentumtípus: Szakdolgozat
Megjelent: 2005
Tárgyszavak:
Online Access:http://diploma.bibl.u-szeged.hu/32493
LEADER 00565nta a2200157 i 4500
001 dipl32493
005 20130314092712.0
008 110714s2005 hu om 0|| zxx d
040 |a SZTE Diploma Repozitórium  |b hun 
041 |a zxx 
100 1 |a Erős Zsófia 
245 1 2 |a A kötelező gépjármű-felelősségbiztosítás rendszere Magyarországon  |h [elektronikus dokumentum] /  |c Zsófia Erős 
260 |c 2005 
650 4 |a Gazdaságtudományok 
700 1 |a Schneider Klára  |e ths 
856 4 0 |u http://diploma.bibl.u-szeged.hu/id/eprint/32493/1/szakdolgozat.pdf  |z Dokumentum-elérés